Sports Quiz

Random Sports or NFL Quiz

NFL 1000-yard receivers (w/ drafted team) Quiz Stats

 Plays Quiz not verified by Sporcle

Score 0/113 Timer 15:00
0 Plays Today
Team: Player: % Correct
DET:Calvin Johnson (7x)
95.6%
CIN:Chad Johnson (7x)
95.5%
PIT:Charles Johnson (1x)
95.3%
BUF:Steve Johnson (3x)
95.3%
NYJ:Keyshawn Johnson (2x)
95.3%
CLE:Kevin Johnson (1x)
95.3%
HOU:Andre Johnson (7x)
95.3%
ARI:John Brown (1x)
93.6%
PIT:Antonio Brown (5x)
93.6%
NWE:Troy Brown (1x)
93.5%
ATL:Julio Jones (4x)
93%
ARI:Larry Fitzgerald (8x)
92.3%
NYG:Steve Smith (1x)
91.3%
CAR:Steve Smith Sr. (7x)
91.3%
BAL:Torrey Smith (1x)
91.3%
CIN:A.J. Green (5x)
90.8%
DEN:Demaryius Thomas (5x)
89.8%
MIN:Randy Moss (6x)
89.8%
NOR:Michael Thomas (1x)
89.8%
NYJ:Santana Moss (1x)
89.8%
DAL:Dez Bryant (3x)
88.4%
NYG:Odell Beckham Jr. (3x)
88.1%
IND:Marvin Harrison (8x)
87.8%
GNB:Jordy Nelson (4x)
87.1%
IND:Reggie Wayne (8x)
84.9%
PHI:DeSean Jackson (3x)
84.9%
SEA:Darrell Jackson (3x)
84.8%
LAC:Vincent Jackson (3x)
84.8%
BUF:Lee Evans (2x)
84.3%
ATL:Roddy White (6x)
84.3%
TAM:Mike Evans (3x)
84.3%
ARI:Anquan Boldin (5x)
83.4%
OAK:Amari Cooper (2x)
81.4%
LAR:Torry Holt (8x)
79.7%
IND:T.Y. Hilton (4x)
77.7%
PIT:Hines Ward (6x)
77.6%
DEN:Brandon Marshall (3x)
77.6%
LAR:Isaac Bruce (8x)
77.4%
Team: Player: % Correct
HOU:DeAndre Hopkins (2x)
76.7%
NOR:Marques Colston (6x)
76.5%
SFO:Terrell Owens (5x)
76.2%
GNB:Randall Cobb (1x)
75.9%
NWE:Rob Gronkowski (3x)
75.5%
CHI:Marcus Robinson (1x)
75.4%
SEA:Koren Robinson (1x)
75.4%
JAX:Allen Robinson (1x)
75.4%
CHI:Alshon Jeffery (2x)
74.4%
MIA:Jarvis Landry (2x)
73.2%
DEN:Shannon Sharpe (3x)
72.9%
GNB:Donald Driver (7x)
72.5%
LAC:Keenan Allen (1x)
71.5%
CAR:Kelvin Benjamin (1x)
70.9%
KAN:Tony Gonzalez (4x)
69.8%
BUF:Sammy Watkins (1x)
68.5%
KAN:Dwayne Bowe (3x)
67.3%
MIN:Sidney Rice (1x)
66.7%
DAL:Jason Witten (4x)
66.3%
DET:Herman Moore (4x)
66.2%
DET:Roy Williams (1x)
65.5%
NOR:Jimmy Graham (2x)
65.5%
PHI:Jeremy Maclin (1x)
64.7%
ARI:Frank Sanders (2x)
64.3%
NOR:Brandin Cooks (2x)
63%
PIT:Plaxico Burress (2x)
62%
SFO:Michael Crabtree (1x)
61.8%
IND:Dallas Clark (1x)
61.5%
NWE:Julian Edelman (2x)
61.3%
GNB:Greg Jennings (3x)
60.8%
GNB:Antonio Freeman (3x)
59.5%
CAR:Muhsin Muhammad (3x)
59.5%
DEN:Eric Decker (2x)
59.3%
GNB:Javon Walker (1x)
55.1%
PIT:Santonio Holmes (1x)
53.6%
MIN:Jake Reed (4x)
52.9%
PIT:Mike Wallace (2x)
51.6%
ARI:David Boston (2x)
51.4%
Team: Player: % Correct
BUF:Eric Moulds (4x)
51.3%
NYG:Amani Toomer (5x)
50.8%
KAN:Travis Kelce (1x)
50.6%
NYG:Hakeem Nicks (2x)
50.3%
CLE:Braylon Edwards (1x)
48.9%
TEN:Derrick Mason (4x)
45.4%
CIN:T.J. Houshmandzadeh (2x)
45.1%
ARI:Michael Floyd (1x)
44.1%
NYJ:Laveranues Coles (2x)
41.5%
MIA:Chris Chambers (1x)
39.9%
TAM:Michael Clayton (1x)
38.2%
SEA:Joey Galloway (3x)
37.7%
NWE:Terry Glenn (2x)
36.7%
TEN:Kendall Wright (1x)
34.8%
CHI:Marty Booker (2x)
32.2%
BUF:Peerless Price (1x)
30.7%
ATL:Harry Douglas (1x)
30.2%
MIA:Brian Hartline (2x)
29.8%
GNB:Robert Brooks (2x)
29.3%
CLE:Kellen Winslow Jr. (1x)
28%
ARI:Steve Breaston (1x)
26.1%
CIN:Carl Pickens (4x)
24.6%
MIN:Nate Burleson (1x)
21.9%
NWE:Ben Coates (1x)
19.9%
WAS:Michael Westbrook (1x)
19.6%
DET:Johnnie Morton (4x)
18.8%
NYJ:Jerricho Cotchery (1x)
18.1%
CHI:Curtis Conway (2x)
17.4%
DEN:Ashley Lelie (1x)
16.6%
MIA:O.J. McDuffie (1x)
15.4%
WAS:Rod Gardner (1x)
14.1%
CIN:Darnay Scott (1x)
10.7%
PHI:Fred Barnett (2x)
9%
GNB:Bill Schroeder (1x)
8.5%
DET:Germane Crowell (1x)
7%
WAS:Albert Connell (1x)
5.5%
ATL:Bert Emanuel (1x)
5%

You're not logged in!

Compare scores with friends on all Sporcle quizzes.
OR
Log In

Sporcle TV

Today on Sporcle TV


Watch our educational content, quiz creation guides, and fun videos on Sporcle TV.

Show Comments

Extras

Top Quizzes Today


Score Distribution

Your Account Isn't Verified!

In order to create a playlist on Sporcle, you need to verify the email address you used during registration. Go to your Sporcle Settings to finish the process.

Report this User

Report this user for behavior that violates our Community Guidelines.

Details: